<?xml version="1.0" encoding="UTF-8"?>
<record
    xmlns:xsi="http://www.w3.org/2001/XMLSchema-instance"
    xsi:schemaLocation="http://www.loc.gov/MARC21/slim http://www.loc.gov/standards/marcxml/schema/MARC21slim.xsd"
    xmlns="http://www.loc.gov/MARC21/slim">

  <leader>00809nam a22002537a 4500</leader>
  <controlfield tag="003">BPGM</controlfield>
  <controlfield tag="008">260630s20071999mx ||||| ||||o001 p spa|d</controlfield>
  <datafield tag="020" ind1=" " ind2=" ">
    <subfield code="a">ISBN 978-968-9350-09-5</subfield>
  </datafield>
  <datafield tag="040" ind1=" " ind2=" ">
    <subfield code="b">SPA</subfield>
  </datafield>
  <datafield tag="041" ind1=" " ind2=" ">
    <subfield code="a">SPA</subfield>
    <subfield code="h">SPA</subfield>
  </datafield>
  <datafield tag="100" ind1=" " ind2=" ">
    <subfield code="a">BALTAZAR RESENDIZ</subfield>
  </datafield>
  <datafield tag="240" ind1=" " ind2=" ">
    <subfield code="a">K&#xC8;NOSIS </subfield>
  </datafield>
  <datafield tag="242" ind1=" " ind2=" ">
    <subfield code="a">K&#xC8;NOSIS</subfield>
  </datafield>
  <datafield tag="245" ind1=" " ind2=" ">
    <subfield code="a">K&#xC8;NOSIS</subfield>
    <subfield code="b">BALTAZAR RES&#xC8;NDIZ</subfield>
  </datafield>
  <datafield tag="250" ind1=" " ind2=" ">
    <subfield code="a">EJ.1</subfield>
  </datafield>
  <datafield tag="260" ind1=" " ind2=" ">
    <subfield code="a">Fondo Editorial del Estado de Quer&#xE9;taro</subfield>
    <subfield code="b">Gobierno del Estado de Quer&#xE9;taro</subfield>
    <subfield code="c">JULIO DEL A&#xD1;O 2007</subfield>
  </datafield>
  <datafield tag="300" ind1=" " ind2=" ">
    <subfield code="a">108 paginas</subfield>
    <subfield code="c">16,2cmx 11cm</subfield>
  </datafield>
  <datafield tag="336" ind1=" " ind2=" ">
    <subfield code="2">rdacontent</subfield>
    <subfield code="a">texto</subfield>
    <subfield code="b">txt</subfield>
  </datafield>
  <datafield tag="337" ind1=" " ind2=" ">
    <subfield code="2">rdamedia</subfield>
    <subfield code="a">sin mediaci&#xF3;n</subfield>
    <subfield code="b">n</subfield>
  </datafield>
  <datafield tag="338" ind1=" " ind2=" ">
    <subfield code="2">rdacarrier</subfield>
    <subfield code="a">volumen </subfield>
    <subfield code="b">nc</subfield>
  </datafield>
  <datafield tag="650" ind1=" " ind2=" ">
    <subfield code="a">POESIA ESPA&#xD1;OLA</subfield>
    <subfield code="v">LITERATURA Y RETORICA</subfield>
    <subfield code="x">ORGANIZACIONES GENERALES Y MUSEOLOGIA</subfield>
  </datafield>
  <datafield tag="700" ind1=" " ind2=" ">
    <subfield code="a">BALTAZAR K&#xC8;NOSIS</subfield>
    <subfield code="e">Autor / Poeta</subfield>
  </datafield>
  <datafield tag="942" ind1=" " ind2=" ">
    <subfield code="2">ddc</subfield>
    <subfield code="c">COLQ</subfield>
  </datafield>
  <datafield tag="952" ind1=" " ind2=" ">
    <subfield code="0">0</subfield>
    <subfield code="1">0</subfield>
    <subfield code="2">ddc</subfield>
    <subfield code="4">0</subfield>
    <subfield code="7">0</subfield>
    <subfield code="a">BPCEFC</subfield>
    <subfield code="b">BPCEFC</subfield>
    <subfield code="d">2026-06-30</subfield>
    <subfield code="e">DONACION </subfield>
    <subfield code="l">0</subfield>
    <subfield code="r">2026-06-30 16:12:17</subfield>
    <subfield code="t">EJ,</subfield>
    <subfield code="w">2026-06-30</subfield>
    <subfield code="y">COLQ</subfield>
  </datafield>
  <datafield tag="952" ind1=" " ind2=" ">
    <subfield code="0">0</subfield>
    <subfield code="1">0</subfield>
    <subfield code="2">ddc</subfield>
    <subfield code="4">0</subfield>
    <subfield code="7">0</subfield>
    <subfield code="a">BPCEFC</subfield>
    <subfield code="b">BPCEFC</subfield>
    <subfield code="d">2026-06-30</subfield>
    <subfield code="e">DONACION </subfield>
    <subfield code="l">0</subfield>
    <subfield code="r">2026-06-30 16:12:37</subfield>
    <subfield code="t">EJ.2</subfield>
    <subfield code="w">2026-06-30</subfield>
    <subfield code="y">COLQ</subfield>
  </datafield>
  <datafield tag="952" ind1=" " ind2=" ">
    <subfield code="0">0</subfield>
    <subfield code="1">0</subfield>
    <subfield code="2">ddc</subfield>
    <subfield code="4">0</subfield>
    <subfield code="7">0</subfield>
    <subfield code="a">BPCEFC</subfield>
    <subfield code="b">BPCEFC</subfield>
    <subfield code="d">2026-06-30</subfield>
    <subfield code="e">DONACION </subfield>
    <subfield code="l">0</subfield>
    <subfield code="r">2026-06-30 16:12:47</subfield>
    <subfield code="t">EJ.3</subfield>
    <subfield code="w">2026-06-30</subfield>
    <subfield code="y">COLQ</subfield>
  </datafield>
  <datafield tag="999" ind1=" " ind2=" ">
    <subfield code="c">68708</subfield>
    <subfield code="d">68708</subfield>
  </datafield>
</record>
